000 00188nam a2200109Ia 4500
100 _a#N/A
942 _cBK
245 _aFull Software
260 _b#N/A
546 _aENGLISH
999 _c20343
_d20343